=LDR 00000nam 2200000 4500 =001 INLIS000000000050479 =005 20170505093315 =035 ##$$a 0010-0517000132 =007 ta =008 170505###########################0###### =020 ##$$a 978-602-0808-15-4 =082 ##$$a 646.4 =084 ##$$a 646.4 DIV d =100 #$$a Divantari, Reva =245 1#$$a Dua Ratus Dua Belas Menu Makanan Favorite dan Trendy /$c Divantari, Reva =250 ##$$a Cet.1 =260 ##$$a Jakarta :$b Pedar Kindy,$c 2016 =300 ##$$a xvi, 242 hlm. : $b Ilus ; $c 20 cm. =650 ##$$a Makanan =990 ##$$a 78997899 =990 ##$$a 78997899 =990 ##$$a 31700941 =990 ##$$a 02201707899 =990 ##$$a 31700942 =990 ##$$a 31700941